Statistics for Title in the Lyrics - Queen

Click here to take the quiz!

General Stats

  • This quiz has been taken 1,193 times
  • The average score is 10 of 15

Answer Stats

Lyrics% Correct
And another one gone, and another one gone / {Another} {one} {bites} {the} {dust}
97%
All we hear is {radio} {ga} {ga} / Radio goo goo
95%
{Don't} {stop} {me} {now} I'm having such a good time / I'm having a ball
92%
Ooh somebody, ooh somebody / Can anybody find me {somebody} {to} {love}?
92%
We will, {we} {will} {rock} {you}
92%
She's a {killer} {queen} / Gunpowder, gelatin / Dynamite with a laser beam / Guaranteed to blow your mind
88%
{We} {are} {the} {champions}, my friends / And we'll keep on fighting 'til the end
88%
This thing / Called love / It cries / In a cradle all night / It swings / It jives / It shakes all over like a jelly fish I kinda like it / {Crazy} {little} {thing} {called} {love}
80%
{Fat} {bottomed} {girls} / You make the rockin' world go round
77%
God knows, God knows {I} {want} {to} {break} {free}
55%
You're my sunshine and I want you to know / That my feelings are true / I really love you / Oh {you're} {my} {best} {friend}
50%
This is our last dance / This is ourselves / {Under} {pressure}
42%
I challenge the mighty titan and his troubadours / And with a smile / I'll take you to the {seven} {seas} {of} {rhye}
34%
Here we are, born to be kings / We're the {princes} {of} {the} {universe}
32%
It's so easy all you have to do / Is fall in love / {Play} {the} {game} / Everybody {play} {the} {game} of love
32%

Score Distribution

Percentile by Number Answered

Percent of People with Each Score

Your Score History

You have not taken this quiz